Hromadná obsluha v telekomunikačnom centre a jej optimalizácia diplomová práca

Salvato in:
Dettagli Bibliografici
Autore principale: Ťažká, Katarína
Ente Autore: Fakulta hospodárskej informatiky EU. Katedra operačného výskumu a ekonometrie
Altri autori: Čemická, Katarína
Natura: Libro
Lingua:slovacco
Pubblicazione: Bratislava 2015
Tags: Aggiungi Tag
Nessun Tag, puoi essere il primo ad aggiungerne!!

MARC

LEADER 00000nbm a2200000 4500
001 0203623
005 20161212113655.3
041 0 |a slo 
044 |a SK 
245 1 0 |a Hromadná obsluha v telekomunikačnom centre a jej optimalizácia  |b diplomová práca  |c Katarína Ťažká ; školiteľ: Katarína Čemická 
264 1 |a Bratislava  |c 2015 
300 |a 56 s. 
100 1 |a Ťažká, Katarína 
700 1 |a Čemická, Katarína 
710 2 |a Fakulta hospodárskej informatiky EU. Katedra operačného výskumu a ekonometrie